000 01052cam a2200289 a 4500
001 4492390
003 OSt
005 20210924152746.0
008 970128s1997 ilua b 001 0 eng
010 _a 97065283
020 _a0850132746
040 _aDLC
_cHU
_dDLC
050 0 0 _aHF5415.5
_b.D39 1997
082 0 0 _a658.8/12
_221
245 0 0 _aDazzle me! :
_bhow to deliver uncommonly good customer service every time /
_cby the editors at Dartnell ; writer, David Dee ; illustrator, Michael Klein.
260 _aChicago, IL :
_bDartnell,
_cc1997.
300 _a218
_bill. ;
_c23 cm.
500 _a"Prepared by the editors of the popular Customers first"--P. [4] of cover.
504 _aIncludes bibliographical references and index.
650 0 _aCustomer services.
_97270
700 1 _aDee, David.
_97271
710 2 _aDartnell Corporation.
_97272
730 0 _aCustomers first.
_97273
906 _a7
_bcbc
_corignew
_d3
_eopcn
_f19
_gy-gencatlg
942 _2ddc
_cBOOKS
_n0
999 _c6881
_d6881